000 00694nam a2200241 i 4500
001 C2-0267526
003 PPAK
005 20180727234718.0
008 050926s2001 nyua|||| ||||| | eng d
020 _a0816048827
040 _aPPAK
_beng
_cPPAK
_erda
082 0 4 _a796.0922
_223
090 0 0 _a796.0922
_bMCG
_dR
100 1 _aMcGovern, Mike,
_eauthor
245 1 0 _aAmazing athletes of the twentieth century
264 1 _aNew York :
_bCheckmark Books ,
_c2001
300 _axi, 420 pages :
_billustrations ;
_c28 cm
336 _2rdacontent
_atext
337 _2rdamedia
_aunmediated
338 _2rdacarrier
_avolume
650 1 0 _aAthletes - Biography - Encyclopedias
942 _ddc
_cB
999 _c76477
_d76477